Największe Miasta w Rosji pod względem ludności. - Statystyki

Ogólne statystyki
  • Ten quiz został rozwiązany 14 razy
    3 od ostatniego zresetowania
  • Średni wynik to 2 z 15
Statystyki odpowiedzi
Ludność Miasto % Poprawnych
12 678 079 Moskwa
67%
5 398 064 Sankt Petersburg
67%
1 257 391 Kazań
33%
1 154 507 Omsk
33%
1 008 998 Wołgograd
33%
1 196 680 Czelabińsk
0%
1 493 749 Jekaterynburg
0%
1 093 771 Krasnojarsk
0%
1 252 236 Niżny Nowogród
0%
1 625 631 Nowosybirsk
0%
1 055 397 Perm
0%
1 137 904 Rostów Nad Donem
0%
1 156 659 Samara
0%
1 128 787 Ufa
0%
1 058 261 Woroneż
0%
Nie znaleziono quizów pasujących do podanych kryteriów
Rozkład punktacji
Procent ludzi z każdym wynikiem
Percentyl według liczby udzielonych odpowiedzi
Twoja historia wyników
Nie rozwiązałeś tego quizu od ostatniego zresetowania